LEADER 00974cam0-2200325---450- 001 990005820370403321 005 20130605112735.0 010 $a88-85252-15-X 035 $a000582037 035 $aFED01000582037 035 $a(Aleph)000582037FED01 035 $a000582037 100 $a19990604d1993----km-y0itay50------ba 101 0 $aita 102 $aIT 105 $ay---a---001yy 200 1 $a<>cultura a Roma tra umanesimo ed ermetismo$e(1480-1540)$fGennaro Savarese 210 $aAnzio$cDe Rubeis$dİ1993 215 $a118 p.$d20 cm 225 1 $a<>arco muto$v8 610 0 $aLetteratura latina umanistica$aRoma$a1480-1540 676 $a870.9004 700 1$aSavarese,$bGennaro$f<1924- >$0151752 801 0$aIT$bUNINA$gRICA$2UNIMARC 901 $aBK 912 $a990005820370403321 952 $aP2B-585-SAVARESE G.-1993$bDip.Fil.mod. 8292$fFLFBC 959 $aFLFBC 996 $aCultura a Roma tra umanesimo ed ermetismo$9204618 997 $aUNINA LEADER 01071nam0-22003491i-450- 001 990005465300403321 005 20080305115532.0 010 $a069105245x 035 $a000546530 035 $aFED01000546530 035 $a(Aleph)000546530FED01 035 $a000546530 100 $a19990604d1977----km-y0itay50------ba 101 0 $aeng 102 $aUS 105 $ay-------001yy 200 1 $a<>Roman Inquisition and the Venetian press$e1540-1605$fPaul F. Grendler 210 $aPrinceton (N.J.)$cPrinceton University Press$dc1977 215 $aXXIII, 374 p.$cill.$d24 cm 676 $a098.11 700 1$aGrendler,$bPaul Frederick$f<1936- >$0158129 801 0$aIT$bUNINA$gRICA$2UNIMARC 901 $aBK 912 $a990005465300403321 952 $aSDI-KE 230$b2469$fSDI 952 $a098.11 GRE 1$bST.MED.MOD. 8787$fFLFBC 952 $a098.11 GRE 1 BIS$bST.MED.MOD. 8797$fFLFBC 952 $a098.11 GRE 1 TER$bST REL. 1938$fFLFBC 959 $aFLFBC 959 $aSDI 996 $aRoman inquisition and the venetian press$918079 997 $aUNINA